| 000 | 00854nam0a22002651 4500 | ||
|---|---|---|---|
| 001 | rc\445780 | ||
| 005 | 20250621090009.0 | ||
| 010 |
_a5-07-00004-7 _9100000 |
||
| 035 | _a(NLR Aleph) 005691246 | ||
| 090 |
_a7178261 _c7178261 |
||
| 100 | _a20030616d1988 |||y0rusy50 ca | ||
| 101 | 0 | _arus | |
| 102 | _aRU | ||
| 105 | _ay ||||||||| | ||
| 200 | 1 |
_aДепутатский запрос _eПособие для слушателей нар. ун-тов |
|
| 210 |
_aМ. _cЗнание _d1988 |
||
| 215 |
_a95, [1] с. _d20 |
||
| 225 | 1 |
_aНародный университет _iФакультет правовых знаний |
|
| 320 | _aБиблиогр.: с. 96 | ||
| 700 | 1 |
_aСлива _bА.Я. _gАнатолий Яковлевич |
|
| 801 | 0 |
_aRU _bNLR _gpsbo |
|
| 801 | 1 |
_aRU _bELAR _2rusmarc |
|
| 852 |
_aNLR _j88-4/12797 |
||
| 942 | _cBOOK | ||
| 980 | _aNB | ||